| 000 | 00552nam a22001817a 4500 | ||
|---|---|---|---|
| 003 | OSt | ||
| 005 | 20140310182353.0 | ||
| 008 | 131001t xxu||||| |||| 00| 0 eng d | ||
| 050 |
_aMT 222 _b.Sl631 1969 |
||
| 082 |
_aGS 786.2 _bSl1h 1969 |
||
| 100 |
_aSlaughter, Henry _922248 |
||
| 245 |
_aThe Henry Slaughter gospel piano course / _cHenry Slaughter. |
||
| 260 |
_aNashville, Tennessee : _bHarvest time Publisher, _c1969 |
||
| 300 |
_a32 p. : _bill. ; _c28 cm. |
||
| 650 |
_aPiano _xInstruction and study _922249 |
||
| 942 |
_2lcc _cBK-GS |
||
| 999 |
_c12416 _d12416 |
||